| 000 | 01003nam a2200265 i 4500 | ||
|---|---|---|---|
| 001 | bg | ||
| 100 | 1 | _aPORZYCKI, Marek | |
| 245 | 1 | 0 |
_aKlauzule zabezpieczające przed niewypłacalnością strony umowy wzajemnej z uwzględnieniem nettingu na wypadek niewypłacalności / _cMarek Porzycki. |
| 250 | _aStan prawny na 1 września 2002 r. | ||
| 260 |
_aKraków : _b"Zakamycze", _c2002. |
||
| 300 |
_a182, [2] s. ; _c20 cm. |
||
| 490 | 1 | _aBiblioteka Polsko-Niemieckiego Centrum Prawa Bankowego UJ | |
| 504 | _aBibliogr. | ||
| 650 | 9 |
_aUpadłość _xprawo _zPolska _ystan na 2002 r. |
|
| 650 | 9 |
_aUpadłość _xprawo międzynarodowe _ystan na 2002 r. |
|
| 830 | _aBiblioteka Polsko-Niemieckiego Centrum Prawa Bankowego UJ | ||
| 020 | _a8373331395 | ||
| 040 | _cBPK | ||
| 041 | 0 | _apl | |
| 080 | _a347.736/.739(438:100) | ||
| 920 | _a83-7333-139-5 | ||
| 942 | _cKS | ||
| 008 | s pl f |000 0 pol | ||
| 999 |
_c42585 _d42585 |
||
| 856 |
_uhttp://koha.tu.koszalin.pl/cgi-bin/koha/opac-detail.pl?biblionumber=42585 _yKatalog online BPK |
||